000 00414nam a2200169Ia 4500
001 7562
003 IN-NITTTR
005 20251114233029.0
008 251113s9999||||xx |||||||||||||| ||eng||
040 _beng
040 _cIN-NITTTR
041 _aeng
082 _a808.31 B469K
100 _aBhattacharyya, Haralal
245 0 _aKnow thyself :
_b from a Bengali text /
_cBhattacharyya, Haralal
942 _2ddc
_cBK
999 _c10200
_d10200